General mathematics: (Record no. 98703)

MARC details
000 -LEADER
fixed length control field 00833nam a22002417a 4500
003 - CONTROL NUMBER IDENTIFIER
control field URS
005 - DATE AND TIME OF LATEST TRANSACTION
control field 20260219100145.0
008 - FIXED-LENGTH DATA ELEMENTS--GENERAL INFORMATION
fixed length control field 260219s2025 ph a|||| |||| 00| 0 eng d
020 ## - INTERNATIONAL STANDARD BOOK NUMBER
International Standard Book Number 9786214272426
040 ## - CATALOGING SOURCE
Language of cataloging English
Transcribing agency URS
Modifying agency rda
050 ## - LIBRARY OF CONGRESS CALL NUMBER
Classification number QA 8.4
Item number .R3307 2025
100 ## - MAIN ENTRY--PERSONAL NAME
Relator code author
Personal name Reyes, Juan Apolinario C.
245 ## - TITLE STATEMENT
Title General mathematics:
Remainder of title journey to a mathematical mind/
Statement of responsibility, etc Juan Apolinario C. Reyes, Machere Gracita Reyes-Bilog
264 ## - PUBLICATION, DISTRIBUTION, ETC. (IMPRINT)
Place of publication, distribution, etc Intramuros, Manila:
Name of publisher, distributor, etc Unlimited Books Library services & Publishing Inc.
Date of publication, distribution, etc c2025
300 ## - PHYSICAL DESCRIPTION
Extent vi, 293 pages:
Other physical details illustrations;
Dimensions 25 cm.
336 ## - CONTENT TYPE
Source rdacontent
Content type term text
Content type code txt
337 ## - MEDIA TYPE
Source rdamedia
Media type term unmediated
Media type code n
338 ## - CARRIER TYPE
Source rdacarrier
Carrier type term volume
Carrier type code nc
504 ## - BIBLIOGRAPHY, ETC. NOTE
Bibliography, etc includes index
650 ## - SUBJECT ADDED ENTRY--TOPICAL TERM
Topical term or geographic name as entry element Mathematical mind
700 ## - ADDED ENTRY--PERSONAL NAME
Relator code author
Personal name Bilog, Machere Gracita R.
942 ## - ADDED ENTRY ELEMENTS (KOHA)
Source of classification or shelving scheme Library of Congress Classification
Koha item type Filipiniana
Holdings
Withdrawn status Lost status Source of classification or shelving scheme Damaged status Not for loan Collection code Home library Current library Shelving location Date acquired Source of acquisition Total Checkouts Full call number Barcode Date last seen Price effective from Koha item type
    Library of Congress Classification     Non-fiction Cainta College Library Cainta College Library Filipiniana Section 02/19/2026 Purchased   QA 8.4 .R3307 2025 URSCAI-4930 02/19/2026 02/19/2026 Filipiniana
    Library of Congress Classification     Non-fiction Cainta College Library Cainta College Library Filipiniana Section 02/19/2026 Purchased   QA 8.4 .R3307 2025 URSCAI-4931 02/19/2026 02/19/2026 Filipiniana

University of Rizal System
Email us at univlibservices@urs.edu.ph

Visit our Website www.urs.edu.ph/library